[Event "Lisbon Portugal op"]
[Site "Lisbon"]
[Date "2020.01.25"]
[Round "1"]
[White "Aguiar, Carlos Alberto Bran"]
[Black "Gonzalez Trigal, Jose Luis"]
[Result "0-1"]
[WhiteElo "1764"]
[BlackElo "2369"]
[PlyCount "108"]
[EventDate "2020.01.25"]
[EventType "swiss"]
[EventRounds "9"]
[EventCountry "POR"]
[SourceTitle "CBM 194"]
[Source "ChessBase"]
[SourceDate "2020.02.29"]
[SourceVersion "1"]
[SourceVersionDate "2020.02.29"]
[SourceQuality "1"]

1. d4 Nf6 2. c4 e6 3. Nf3 b6 4. Nc3 Bb7 5. Bg5 d5 6. cxd5 exd5 7. e3 Be7 8. Rc1 0-0 9. Bd3 Nbd7 10. 0-0 c5 11. Bb1 Re8 12. h3 Rc8 13. Ne2 Ne4 14. Bxe7 Qxe7 15. dxc5 bxc5 16. Bxe4 Qxe4 17. Ng3 Qe6 18. Re1 g6 19. Qa4 a6 20. Rcd1 Bc6 21. Qc2 Qe7 22. Rd2 Nf6 23. Rc1 Bb7 24. Nh2 h5 25. Ne2 Ne4 26. Rdd1 Nxf2 27. Kxf2 Qxe3+ 28. Kf1 d4 29. Qd3 Qg5 30. Qg3 Qd5 31. Nf4 Qf5 32. Nf3 Re4 33. Nd3 Re3 34. Nde1 Rce8 35. Kg1 Re2 36. b4 Qe6 37. Rxc5 Qxa2 38. Rg5 Qb3 39. Rd3 Rxe1+ 40. Nxe1 Rxe1+ 41. Qxe1 Qxd3 42. Qe8+ Kg7 43. Qe5+ Kg8 44. Qe8+ Kg7 45. Qe5+ Kh7 46. Rg3 Qb1+ 47. Kh2 Qxb4 48. Rd3 Qb2 49. Qg3 Be4 50. Rb3 Qe2 51. Ra3 d3 52. Rxa6 d2 53. Rf6 Bd5 54. Rf2 d1Q 0-1

[Event "Oeiras Honra"]
[Site "Oeiras"]
[Date "2019.08.19"]
[Round "9"]
[White "Correia, Pedro Mourao Soares"]
[Black "Aguiar, Carlos Alberto Bran"]
[Result "1-0"]
[WhiteElo "1525"]
[BlackElo "1821"]
[PlyCount "101"]
[EventDate "2019.08.13"]
[EventType "tourn"]
[EventRounds "9"]
[EventCountry "POR"]
[SourceTitle "EXT 2020"]
[Source "ChessBase"]
[SourceDate "2019.10.17"]
[SourceVersion "1"]
[SourceVersionDate "2019.10.17"]
[SourceQuality "1"]

1. e4 e6 2. Nc3 c5 3. Nf3 Nc6 4. Bb5 a6 5. Bxc6 bxc6 6. 0-0 Nf6 7. d4 d5 8. e5 Nd7 9. Be3 cxd4 10. Qxd4 c5 11. Qa4 d4 12. Bg5 Qb6 13. Ne4 Bb7 14. Ned2 Bc6 15. Qb3 Qc7 16. c4 h6 17. Bf4 Be7 18. Bg3 Rb8 19. Qc2 Qb7 20. b3 0-0 21. Qd3 Rfd8 22. Rae1 a5 23. h3 Nf8 24. Kh2 Nh7 25. Ne4 Bxe4 26. Rxe4 Ng5 27. Nxg5 hxg5 28. f4 gxf4 29. Rexf4 Bg5 30. Rxf7 Qxf7 31. Rxf7 Kxf7 32. h4 Be3 33. h5 Re8 34. Be1 Ra8 35. Kh3 a4 36. b4 cxb4 37. Bxb4 Kg8 38. a3 Rac8 39. Bd6 Rc6 40. c5 Rcc8 41. g4 Rf8 42. Bxf8 Rxf8 43. Kg2 Rf2+ 44. Kg3 Rd2 45. Qc4 Rd1 46. Qxe6+ Kh8 47. c6 Rc1 48. Kf3 Rc3 49. Ke4 Bg1 50. Qd6 d3 51. c7 1-0

[Event "Oeiras Honra"]
[Site "Oeiras"]
[Date "2019.08.18"]
[Round "8"]
[White "Aguiar, Carlos Alberto Bran"]
[Black "Horta, Antonio Jose Simoes"]
[Result "0-1"]
[WhiteElo "1821"]
[BlackElo "1843"]
[PlyCount "54"]
[EventDate "2019.08.13"]
[EventType "tourn"]
[EventRounds "9"]
[EventCountry "POR"]
[SourceTitle "EXT 2020"]
[Source "ChessBase"]
[SourceDate "2019.10.17"]
[SourceVersion "1"]
[SourceVersionDate "2019.10.17"]
[SourceQuality "1"]

1. Nf3 Nf6 2. d4 e6 3. c4 d5 4. Nc3 Be7 5. Bg5 0-0 6. e3 c6 7. Rc1 Nbd7 8. cxd5 exd5 9. Bd3 Re8 10. 0-0 Nf8 11. Bxf6 Bxf6 12. h3 g6 13. b4 a6 14. a4 Ne6 15. Ne2 Qd6 16. Qb3 Be7 17. Rb1 a5 18. b5 c5 19. dxc5 Nxc5 20. Qd1 Nxd3 21. Qxd3 Bf5 22. Qd2 Bxb1 23. Rxb1 Bf6 24. Ned4 Rec8 25. Rc1 Qb4 26. Rxc8+ Rxc8 27. Qa2 Rc4 0-1

[Event "Oeiras Honra"]
[Site "Oeiras"]
[Date "2019.08.15"]
[Round "4"]
[White "Dong, Rafael"]
[Black "Aguiar, Carlos Alberto Bran"]
[Result "0-1"]
[WhiteElo "1432"]
[BlackElo "1821"]
[PlyCount "74"]
[EventDate "2019.08.13"]
[EventType "tourn"]
[EventRounds "9"]
[EventCountry "POR"]
[SourceTitle "EXT 2020"]
[Source "ChessBase"]
[SourceDate "2019.10.17"]
[SourceVersion "1"]
[SourceVersionDate "2019.10.17"]
[SourceQuality "1"]

1. c4 Nf6 2. Nc3 g6 3. g3 Bg7 4. Bg2 d6 5. Nf3 0-0 6. 0-0 c6 7. d4 Nbd7 8. e4 e5 9. d5 c5 10. a3 a6 11. b4 b6 12. h3 Ne8 13. Bb2 f5 14. Qe2 Bh6 15. Bc1 Bxc1 16. Raxc1 Ng7 17. Nd2 Nf6 18. bxc5 bxc5 19. Rfd1 Bd7 20. Rb1 Qa5 21. Qd3 Rab8 22. Ne2 fxe4 23. Nxe4 Nxe4 24. Bxe4 Bxh3 25. Qc3 Qc7 26. Qc2 Bg4 27. Kg2 Rxb1 28. Rxb1 Qf7 29. Nc3 Nf5 30. Rb6 Nd4 31. Qd2 Bf3+ 32. Bxf3 Qxf3+ 33. Kg1 Qxc3 34. Qxc3 Ne2+ 35. Kg2 Nxc3 36. Rxd6 Rxf2+ 37. Kxf2 Ne4+ 0-1

[Event "Lisbon Portugal op"]
[Site "Lisbon"]
[Date "2019.02.02"]
[Round "1"]
[White "Storme, Isak"]
[Black "Aguiar, Carlos Alberto Bran"]
[Result "1-0"]
[WhiteElo "2290"]
[BlackElo "1822"]
[PlyCount "73"]
[EventDate "2019.02.02"]
[EventType "swiss"]
[EventRounds "9"]
[EventCountry "POR"]
[SourceTitle "CBM 188 Extra"]
[Source "ChessBase"]
[SourceDate "2019.02.28"]
[SourceVersion "1"]
[SourceVersionDate "2019.02.28"]
[SourceQuality "1"]

1. a3 c5 2. Nf3 Nc6 3. c4 d6 4. Nc3 Nf6 5. g3 g6 6. Bg2 Bg7 7. 0-0 0-0 8. Rb1 a5 9. d3 Bd7 10. Ne1 Rb8 11. Nc2 Nd4 12. b4 Nxc2 13. Qxc2 axb4 14. axb4 cxb4 15. Rxb4 Bc6 16. e4 Qa5 17. Rb1 Rfc8 18. Be3 Qd8 19. Bb6 Qe8 20. d4 Ra8 21. Qb3 e5 22. d5 Bd7 23. Rfc1 Ra6 24. Be3 Rc7 25. Nb5 Bxb5 26. cxb5 Rxc1+ 27. Rxc1 Ra5 28. Bh3 Ra8 29. Qb4 Qd8 30. b6 Ne8 31. Kg2 h5 32. Qb5 Nf6 33. Bg5 Kh7 34. Rc7 Ra2 35. Qb4 Qa8 36. Bxf6 Bxf6 37. Rxf7+ 1-0

[Event "Lisbon Portugal op"]
[Site "Lisbon"]
[Date "2017.02.06"]
[Round "5"]
[White "Martins, Andre Manuel"]
[Black "Aguiar, Carlos Alberto Bran"]
[Result "1/2-1/2"]
[WhiteElo "1294"]
[BlackElo "1780"]
[PlyCount "111"]
[EventDate "2017.02.04"]
[EventType "swiss"]
[EventRounds "9"]
[EventCountry "POR"]
[SourceTitle "CBM 176 Extra"]
[Source "ChessBase"]
[SourceDate "2017.03.02"]
[SourceVersion "1"]
[SourceVersionDate "2017.03.02"]
[SourceQuality "1"]

1. Nf3 Nf6 2. g3 d6 3. Bg2 c6 4. d3 g6 5. 0-0 Bg7 6. Nbd2 e5 7. e4 0-0 8. Re1 Bg4 9. h3 Be6 10. Ng5 Nbd7 11. Nxe6 fxe6 12. h4 Qe7 13. Nf1 d5 14. Nh2 Qf7 15. Qe2 Rae8 16. Bd2 b6 17. a4 Ra8 18. a5 Rfe8 19. b4 d4 20. Bh3 c5 21. axb6 axb6 22. Nf3 h6 23. bxc5 bxc5 24. Nh2 Kh7 25. Ng4 Nxg4 26. Bxg4 h5 27. Bh3 Bh6 28. Bxh6 Kxh6 29. Qd2+ Kg7 30. Ra5 Rf8 31. Rea1 Rxa5 32. Rxa5 Qf6 33. Ra6 Re8 34. Ra7 Re7 35. Kg2 Nf8 36. Ra5 Rc7 37. Ra6 Re7 38. Qa5 Rf7 39. Qd2 Rc7 40. Ra5 Nd7 41. Rb5 Nf8 42. Rb6 Re7 43. Rc6 Nd7 44. Rc7 Rf7 45. Rc6 Re7 46. Rc7 Rf7 47. Qe1 Qf3+ 48. Kg1 Qf6 49. Bg2 Qd8 50. Rc6 Rf6 51. Qd2 Qf8 52. Rc7 Qd8 53. Qa5 Rf7 54. Qa7 Re7 55. Bh3 Kf6 56. Rb7 1/2-1/2

[Event "Lisbon Portugal op"]
[Site "Lisbon"]
[Date "2017.02.05"]
[Round "3"]
[White "Aguiar, Carlos Alberto Bran"]
[Black "Cordovil, Joao Maria"]
[Result "0-1"]
[WhiteElo "1780"]
[BlackElo "2139"]
[PlyCount "130"]
[EventDate "2017.02.04"]
[EventType "swiss"]
[EventRounds "9"]
[EventCountry "POR"]
[SourceTitle "CBM 176 Extra"]
[Source "ChessBase"]
[SourceDate "2017.03.02"]
[SourceVersion "1"]
[SourceVersionDate "2017.03.02"]
[SourceQuality "1"]

1. d4 d5 2. Nf3 c6 3. e3 Bg4 4. Be2 Nd7 5. h3 Bxf3 6. Bxf3 f5 7. Nd2 Ngf6 8. c4 e6 9. b3 Bd6 10. Bb2 0-0 11. Qc2 Qe8 12. g3 Ne4 13. Nxe4 fxe4 14. Bg2 Qg6 15. 0-0-0 Rf7 16. c5 Bc7 17. Bc3 b6 18. b4 a5 19. a3 axb4 20. axb4 bxc5 21. bxc5 Qf6 22. Rhf1 Qd8 23. f4 exf3 24. Rxf3 Rxf3 25. Bxf3 Qg5 26. Bg4 Nf8 27. Qf2 h5 28. Be2 Bxg3 29. Qf3 h4 30. Rf1 Qe7 31. Bd3 Qe8 32. Qg4 Ra7 33. Qf3 Rf7 34. Qg4 Rxf1+ 35. Bxf1 Qg6 36. Qxg6 Nxg6 37. Kd1 Ne7 38. Ke2 Kf7 39. Kf3 Kf6 40. Ba6 e5 41. Bb7 e4+ 42. Kg2 Ke6 43. Bd2 Kd7 44. Ba6 g6 45. Be2 Nf5 46. Ba6 Bc7 47. Be2 Bd8 48. Kf2 Kc8 49. Ba6+ Kb8 50. Kg2 Bg5 51. Kf2 Bh6 52. Ke2 Ne7 53. Kf2 Ka7 54. Be2 Nf5 55. Bf1 Ng3 56. Be2 Nxe2 57. Kxe2 Ka6 58. Be1 Bg5 59. Bf2 Bd8 60. Be1 g5 61. Bf2 Kb5 62. Be1 Kc4 63. Bf2 Ba5 64. Bg1 Bc7 65. Bf2 Bg3 0-1

[Event "Lisbon Portugal op"]
[Site "Lisbon"]
[Date "2017.02.05"]
[Round "4"]
[White "Guerra, Vitor Manuel Vestia"]
[Black "Aguiar, Carlos Alberto Bran"]
[Result "1-0"]
[WhiteElo "2130"]
[BlackElo "1780"]
[PlyCount "83"]
[EventDate "2017.02.04"]
[EventType "swiss"]
[EventRounds "9"]
[EventCountry "POR"]
[SourceTitle "CBM 176 Extra"]
[Source "ChessBase"]
[SourceDate "2017.03.02"]
[SourceVersion "1"]
[SourceVersionDate "2017.03.02"]
[SourceQuality "1"]

1. d4 Nf6 2. c4 e6 3. Nf3 Bb4+ 4. Nbd2 Ne4 5. g3 0-0 6. Bg2 d5 7. Qc2 c6 8. a3 Bxd2+ 9. Nxd2 f5 10. Nxe4 fxe4 11. f3 exf3 12. Bxf3 Nd7 13. 0-0 Nf6 14. Bf4 b6 15. Rac1 Bb7 16. Rfd1 Qd7 17. Be5 Rac8 18. b4 b5 19. Bxf6 Rxf6 20. cxb5 cxb5 21. Qd2 Rc4 22. Qe3 Qd6 23. Bg4 Bc8 24. Rf1 Rxf1+ 25. Rxf1 Qb6 26. Rd1 Qd6 27. Kg2 h6 28. Rf1 Rc7 29. Bh5 Re7 30. Qf3 Qd8 31. Bf7+ Kh8 32. Bg6 Kg8 33. Qf4 Bb7 34. Bf7+ Kh8 35. Qe5 Qc7 36. Qxc7 Rxc7 37. Bxe6 Re7 38. Rf8+ Kh7 39. Bf5+ g6 40. Bd3 Kg7 41. Rd8 a6 42. Rd6 1-0

[Event "Portuguese Honra"]
[Site "Lisbon"]
[Date "2017.01.22"]
[Round "9"]
[White "Dias, Ricardo Pedro Cruz"]
[Black "Aguiar, Carlos Alberto Bran"]
[Result "1-0"]
[WhiteElo "2123"]
[BlackElo "1820"]
[PlyCount "67"]
[EventDate "2017.01.15"]
[EventType "tourn"]
[EventRounds "9"]
[EventCountry "POR"]
[SourceTitle "CBM 176 Extra"]
[Source "ChessBase"]
[SourceDate "2017.03.02"]
[SourceVersion "1"]
[SourceVersionDate "2017.03.02"]
[SourceQuality "1"]

1. e4 e6 2. d4 c5 3. Nf3 cxd4 4. Nxd4 a6 5. Bd3 Nf6 6. 0-0 Qc7 7. Qe2 Nc6 8. Nb3 Be7 9. Bg5 0-0 10. f4 h6 11. Bxh6 e5 12. Bg5 Nb4 13. Nc3 Nxd3 14. cxd3 d6 15. Bxf6 Bxf6 16. Nd5 Qd8 17. fxe5 Bxe5 18. d4 Bxh2+ 19. Kxh2 Qh4+ 20. Kg1 Bg4 21. Qf2 Qh5 22. Qf4 Rae8 23. Rae1 Re6 24. Ne3 Rg6 25. Nxg4 Rxg4 26. Qf3 Qg6 27. Re2 Rh4 28. Nd2 Qh6 29. g3 Rh3 30. Rff2 f5 31. exf5 Rc8 32. Rh2 Rxh2 33. Rxh2 Qf6 34. Qd5+ 1-0

[Event "Portuguese Honra"]
[Site "Lisbon"]
[Date "2017.01.19"]
[Round "6"]
[White "Aguiar, Carlos Alberto Bran"]
[Black "Santos, Micael Costa"]
[Result "0-1"]
[WhiteElo "1820"]
[BlackElo "1936"]
[PlyCount "100"]
[EventDate "2017.01.15"]
[EventType "tourn"]
[EventRounds "9"]
[EventCountry "POR"]
[SourceTitle "CBM 176 Extra"]
[Source "ChessBase"]
[SourceDate "2017.03.02"]
[SourceVersion "1"]
[SourceVersionDate "2017.03.02"]
[SourceQuality "1"]

1. e4 c5 2. Nf3 d6 3. d4 cxd4 4. Nxd4 Nf6 5. Nc3 a6 6. h3 b5 7. a3 Nbd7 8. Be3 Bb7 9. Bd3 Rc8 10. 0-0 e6 11. Qe2 Be7 12. Rad1 Nb6 13. f3 Nc4 14. Bxc4 Rxc4 15. Rd2 0-0 16. Rfd1 Qb8 17. Nb3 Rfc8 18. Na5 R4c7 19. Qf2 Ba8 20. Bb6 Rd7 21. Bd4 d5 22. e5 Ne8 23. Nb3 Rdc7 24. f4 g6 25. Kh2 Ng7 26. g4 Kh8 27. Re2 b4 28. axb4 Qxb4 29. Rdd2 Rc4 30. Na2 Qb8 31. Nc3 Bb4 32. Rd3 a5 33. Na2 a4 34. Nbc1 Bc5 35. Bxc5 R8xc5 36. c3 Qb5 37. Rd4 Rc8 38. Nd3 Qb7 39. Nab4 a3 40. Rxc4 dxc4 41. Ne1 Qh1+ 42. Kg3 Rg8 43. Qh2 Qf1 44. Qf2 Qh1 45. Qh2 Qb7 46. bxa3 Qa7 47. Nec2 Nf5+ 48. gxf5 gxf5+ 49. Kh4 Qe7+ 50. Kh5 Bf3+ 0-1

[Event "Portuguese Honra"]
[Site "Lisbon"]
[Date "2017.01.15"]
[Round "2"]
[White "Santos, Julio Fernandes"]
[Black "Aguiar, Carlos Alberto Bran"]
[Result "1-0"]
[WhiteElo "1894"]
[BlackElo "1820"]
[PlyCount "81"]
[EventDate "2017.01.15"]
[EventType "tourn"]
[EventRounds "9"]
[EventCountry "POR"]
[SourceTitle "CBM 176 Extra"]
[Source "ChessBase"]
[SourceDate "2017.03.02"]
[SourceVersion "1"]
[SourceVersionDate "2017.03.02"]
[SourceQuality "1"]

1. e4 e6 2. d4 d5 3. exd5 exd5 4. Bd3 Bd6 5. Nc3 c6 6. h3 h6 7. Nf3 Nf6 8. 0-0 0-0 9. Be3 Re8 10. Nd2 Qc7 11. Qf3 Qd8 12. Bf4 Bxf4 13. Qxf4 Be6 14. Nd1 Nbd7 15. Ne3 Nf8 16. c3 Qb8 17. Qf3 Qd6 18. Nf5 Bxf5 19. Bxf5 Re7 20. Rfe1 Rae8 21. Re3 Rxe3 22. fxe3 Ne6 23. h4 Nf8 24. Re1 Ng6 25. g3 Ne7 26. Bc2 Qd7 27. Kg2 Nc8 28. e4 dxe4 29. Nxe4 Nxe4 30. Rxe4 Nd6 31. Rxe8+ Nxe8 32. Bb3 Nf6 33. Qf4 a6 34. Qb8+ Kh7 35. Qe5 Kg8 36. Bc4 b5 37. Bb3 Nd5 38. Bc2 g6 39. Be4 Qe7 40. Kf3 f5 41. Bxd5+ 1-0

[Event "Portugal op"]
[Site "Oeiras"]
[Date "2015.09.04"]
[Round "8"]
[White "Aguiar, Carlos Alberto Bran"]
[Black "Fernandes, Ricardo Paulos"]
[Result "1-0"]
[WhiteElo "1837"]
[BlackElo "1439"]
[PlyCount "59"]
[EventDate "2015.08.30"]
[EventType "swiss"]
[EventRounds "9"]
[EventCountry "POR"]
[SourceTitle "EXT 2016"]
[Source "ChessBase"]
[SourceDate "2015.10.08"]
[SourceVersion "1"]
[SourceVersionDate "2015.10.08"]
[SourceQuality "1"]

1. d4 d5 2. c4 c6 3. Nc3 Nf6 4. Nf3 e6 5. Bf4 Nbd7 6. b3 Bb4 7. Qc2 Ne4 8. Bd2 Nxc3 9. Bxc3 Qa5 10. Rc1 Bxc3+ 11. Qxc3 Qxc3+ 12. Rxc3 b6 13. e3 Bb7 14. Nd2 Ke7 15. f3 h5 16. Kf2 f6 17. Bd3 f5 18. Rhc1 Rad8 19. cxd5 cxd5 20. Bb5 a6 21. Bxd7 Rxd7 22. f4 Rf8 23. Nf3 Kf6 24. Ne5 Rdd8 25. Rc7 Bc8 26. Ra7 Bb7 27. Rxb7 Rb8 28. Rxb8 Rxb8 29. Nd7+ Kg6 30. Nxb8 1-0

[Event "Portugal op"]
[Site "Oeiras"]
[Date "2015.09.02"]
[Round "5"]
[White "Pintor, Simao Maciel Abranc"]
[Black "Aguiar, Carlos Alberto Bran"]
[Result "1-0"]
[WhiteElo "2089"]
[BlackElo "1837"]
[PlyCount "77"]
[EventDate "2015.08.30"]
[EventType "swiss"]
[EventRounds "9"]
[EventCountry "POR"]
[SourceTitle "EXT 2016"]
[Source "ChessBase"]
[SourceDate "2015.10.08"]
[SourceVersion "1"]
[SourceVersionDate "2015.10.08"]
[SourceQuality "1"]

1. e4 e5 2. Nf3 Nc6 3. Bc4 Be7 4. d4 exd4 5. Nxd4 Nf6 6. Nf5 0-0 7. Nc3 d6 8. 0-0 Be6 9. Qe2 Ne5 10. Bb3 Qd7 11. f4 Nc6 12. Nxe7+ Qxe7 13. f5 Bxb3 14. axb3 Ne5 15. Bg5 c6 16. b4 a6 17. Na4 Ned7 18. Rae1 Rfe8 19. Qd3 Rad8 20. c4 Ne5 21. Qc2 b5 22. Nb6 Qa7 23. c5 dxc5 24. bxc5 a5 25. Rd1 Qc7 26. Rxd8 Rxd8 27. Qc3 Qe7 28. Bf4 Nfd7 29. Rd1 Re8 30. Qd4 Nxb6 31. cxb6 f6 32. Bxe5 fxe5 33. Qd7 Qc5+ 34. Kh1 Rf8 35. b7 Qa7 36. Qe6+ Kh8 37. Qxc6 Qb8 38. Rc1 h6 39. Qd7 1-0

[Event "Portugal op"]
[Site "Oeiras"]
[Date "2015.08.30"]
[Round "1"]
[White "Cordovil, Joao Maria"]
[Black "Aguiar, Carlos Alberto Bran"]
[Result "0-1"]
[WhiteElo "2160"]
[BlackElo "1837"]
[PlyCount "126"]
[EventDate "2015.08.30"]
[EventType "swiss"]
[EventRounds "9"]
[EventCountry "POR"]
[SourceTitle "EXT 2016"]
[Source "ChessBase"]
[SourceDate "2015.10.08"]
[SourceVersion "1"]
[SourceVersionDate "2015.10.08"]
[SourceQuality "1"]

1. d4 Nf6 2. Nf3 e6 3. Bf4 d5 4. e3 Be7 5. Bd3 0-0 6. Nbd2 c5 7. c3 Nc6 8. Qe2 b6 9. Ne5 Bb7 10. g4 Nxe5 11. dxe5 Ne4 12. 0-0-0 Nxd2 13. Rxd2 f6 14. exf6 Bxf6 15. Rg1 e5 16. Bg3 Qe8 17. h4 d4 18. cxd4 exd4 19. g5 dxe3 20. fxe3 Be5 21. Bxe5 Qxe5 22. Bxh7+ Kxh7 23. g6+ Kg8 24. Qc4+ Kh8 25. Rg5 Rf5 26. Qg4 Rf1+ 27. Kc2 Qe4+ 28. Qxe4 Bxe4+ 29. Kb3 Rf5 30. Rg4 Bd5+ 31. Kc3 Bc6 32. e4 Rf3+ 33. Rd3 Rxd3+ 34. Kxd3 Rd8+ 35. Ke3 Kg8 36. e5 Re8 37. Rg5 Bd5 38. a3 Kf8 39. Rh5 Bg8 40. Rf5+ Ke7 41. h5 Rf8 42. Rg5 Bd5 43. b4 Ke6 44. bxc5 bxc5 45. h6 gxh6 46. Rh5 Rg8 47. Rxh6 Kxe5 48. Rh5+ Kd6 49. Rg5 a5 50. g7 Re8+ 51. Kd3 Bg8 52. Rg6+ Kd5 53. Rh6 c4+ 54. Kd2 a4 55. Kc3 Re3+ 56. Kb4 Rg3 57. Kxa4 Rxg7 58. Rh5+ Ke4 59. Rh4+ Kf3 60. Rh3+ Ke2 61. Rh2+ Kd3 62. Rh3+ Kd4 63. Kb5 Rb7+ 0-1

[Event "Lisbon Check Mate op 3rd"]
[Site "Lisbon"]
[Date "2015.08.08"]
[Round "2"]
[White "Montgomery, Jan E Frantsen"]
[Black "Aguiar, Carlos Alberto Bran"]
[Result "1/2-1/2"]
[WhiteElo "2082"]
[BlackElo "1837"]
[PlyCount "84"]
[EventDate "2015.08.08"]
[EventType "swiss"]
[EventRounds "7"]
[EventCountry "POR"]
[SourceTitle "EXT 2017"]
[Source "ChessBase"]
[SourceDate "2016.10.25"]
[SourceVersion "1"]
[SourceVersionDate "2016.10.25"]
[SourceQuality "1"]

1. e4 e5 2. Nf3 Nc6 3. Bb5 a6 4. Ba4 Nf6 5. 0-0 b5 6. Bb3 Be7 7. Re1 d6 8. c3 0-0 9. h3 Na5 10. Bc2 c5 11. d4 Qc7 12. Nbd2 Nc6 13. Nf1 Ne8 14. Ne3 g6 15. Nd5 Qd8 16. Bh6 Ng7 17. Qd2 f6 18. Rad1 Be6 19. Qe3 Bxd5 20. exd5 cxd4 21. cxd4 Nb4 22. Bb1 a5 23. dxe5 fxe5 24. Ng5 Bxg5 25. Bxg5 Qd7 26. a3 Na6 27. Qb6 Nc5 28. b4 Ra6 29. bxc5 Rxb6 30. cxb6 Rb8 31. Be3 Nf5 32. Bxf5 gxf5 33. f3 f4 34. Bf2 Rc8 35. Rc1 b4 36. axb4 axb4 37. Rxc8+ Qxc8 38. Rb1 b3 39. Rxb3 Qc1+ 40. Kh2 Qc2 41. Rb5 Qxf2 42. b7 Qg3+ 1/2-1/2

[Event "Lisbon Cup 26th"]
[Site "Lisbon"]
[Date "2015.04.19"]
[Round "5"]
[White "Aguiar, Carlos Alberto Bran"]
[Black "Pires, Emanuel Joao Robart"]
[Result "0-1"]
[WhiteElo "1832"]
[BlackElo "2109"]
[PlyCount "76"]
[EventDate "2015.01.18"]
[EventType "swiss"]
[EventRounds "7"]
[EventCountry "POR"]
[SourceTitle "EXT 2017"]
[Source "ChessBase"]
[SourceDate "2016.10.25"]
[SourceVersion "1"]
[SourceVersionDate "2016.10.25"]
[SourceQuality "1"]

1. Nf3 d5 2. d4 Nf6 3. c4 e6 4. Nc3 Be7 5. e3 a6 6. cxd5 exd5 7. Bd3 0-0 8. h3 Re8 9. 0-0 Nbd7 10. Bf5 g6 11. Bxd7 Bxd7 12. Qb3 Bc8 13. Ne5 Bf8 14. Bd2 c5 15. a4 c4 16. Qd1 Be6 17. Re1 Rc8 18. Qe2 Qb6 19. Qf3 Bg7 20. Reb1 Bf5 21. a5 Qd8 22. Re1 Ne4 23. Nxe4 dxe4 24. Qe2 Bxe5 25. dxe5 Rxe5 26. Bc3 Rd5 27. Bd4 Rxa5 28. Qc2 Rb5 29. Kf1 Qh4 30. Ke2 c3 31. Bxc3 Be6 32. Kf1 Bxh3 33. gxh3 Rf5 34. Ra4 Qxh3+ 35. Ke2 Rxf2+ 36. Kxf2 Qh2+ 37. Kf1 Qxc2 38. Rd4 Rxc3 0-1

[Event "Lisbon-ch"]
[Site "Lisbon"]
[Date "2015.02.04"]
[Round "4"]
[White "Aguiar, Carlos Alberto Bran"]
[Black "Rocha, Manuel Fernando"]
[Result "0-1"]
[WhiteElo "1807"]
[BlackElo "1798"]
[PlyCount "114"]
[EventDate "2015.01.27"]
[EventType "swiss"]
[EventRounds "7"]
[EventCountry "POR"]
[SourceTitle "CBM 164 Extra"]
[Source "ChessBase"]
[SourceDate "2015.03.02"]
[SourceVersion "1"]
[SourceVersionDate "2015.03.02"]
[SourceQuality "1"]

1. d4 d5 2. c4 c6 3. cxd5 cxd5 4. Nc3 Nc6 5. Bf4 Nf6 6. Nf3 Bf5 7. e3 a6 8. Be2 e6 9. 0-0 Bd6 10. Bxd6 Qxd6 11. Qb3 b5 12. Rac1 0-0 13. Nh4 Na5 14. Qd1 Nc4 15. Nxf5 exf5 16. b3 Nb6 17. Bf3 Rfc8 18. Qd2 Rc6 19. Ne2 Rac8 20. Rxc6 Rxc6 21. Rc1 Ne4 22. Bxe4 fxe4 23. Rxc6 Qxc6 24. Qc3 Qxc3 25. Nxc3 Kf8 26. Kf1 Ke7 27. Ke2 Kd6 28. Kd2 b4 29. Ne2 Nd7 30. Nf4 f5 31. h4 g6 32. Nh3 Nf6 33. Ke2 Ke7 34. Ng5 h6 35. Nh3 Nh5 36. g3 Kf6 37. Kf1 g5 38. hxg5+ hxg5 39. Kg2 Kg6 40. Ng1 f4 41. gxf4 gxf4 42. Kh3 f3 43. Kg4 Nf6+ 44. Kf4 Nd7 45. Nh3 Kf6 46. Kg4 Ke6 47. Nf4+ Kd6 48. Kf5 Nb6 49. Kf6 a5 50. Kf7 a4 51. bxa4 Nxa4 52. Ne6 Nc3 53. Nc5 Nxa2 54. Nb3 Nc3 55. Kf6 Nd1 56. Kf5 Nxf2 57. Kf4 Nd1 0-1

[Event "Lisbon-ch"]
[Site "Lisbon"]
[Date "2015.02.02"]
[Round "3"]
[White "Branco, Romulo Joao"]
[Black "Aguiar, Carlos Alberto Bran"]
[Result "0-1"]
[WhiteElo "1737"]
[BlackElo "1807"]
[PlyCount "52"]
[EventDate "2015.01.27"]
[EventType "swiss"]
[EventRounds "7"]
[EventCountry "POR"]
[SourceTitle "CBM 164 Extra"]
[Source "ChessBase"]
[SourceDate "2015.03.02"]
[SourceVersion "1"]
[SourceVersionDate "2015.03.02"]
[SourceQuality "1"]

1. e4 c5 2. Nf3 d6 3. Bb5+ Bd7 4. Bxd7+ Qxd7 5. 0-0 Nc6 6. d4 cxd4 7. Nxd4 Nf6 8. Nc3 g6 9. f4 Bg7 10. Nxc6 Qxc6 11. Re1 0-0 12. e5 dxe5 13. fxe5 Rad8 14. Qe2 Nd5 15. Nxd5 Rxd5 16. Bf4 e6 17. c3 Rfd8 18. Kf1 Qd7 19. h4 h5 20. Qf2 a6 21. Kg1 Bf8 22. Kh2 Rd3 23. g4 hxg4 24. Qg2 Rh3+ 25. Kg1 Bc5+ 26. Kf1 Rf3+ 0-1

[Event "Lisbon-ch"]
[Site "Lisbon"]
[Date "2015.01.27"]
[Round "1"]
[White "Martins, Abilio Morgado"]
[Black "Aguiar, Carlos Alberto Bran"]
[Result "0-1"]
[WhiteElo "1489"]
[BlackElo "1807"]
[PlyCount "58"]
[EventDate "2015.01.27"]
[EventType "swiss"]
[EventRounds "7"]
[EventCountry "POR"]
[SourceTitle "CBM 164 Extra"]
[Source "ChessBase"]
[SourceDate "2015.03.02"]
[SourceVersion "1"]
[SourceVersionDate "2015.03.02"]
[SourceQuality "1"]

1. Nf3 Nf6 2. d4 e6 3. c4 Ne4 4. a3 b6 5. e3 Bb7 6. Bd3 f5 7. 0-0 d6 8. b3 Nd7 9. Bb2 Ndf6 10. h3 Be7 11. Be2 Qd7 12. b4 a5 13. b5 0-0 14. a4 Qe8 15. Nh2 Rd8 16. Bf3 c5 17. Nd2 Nxd2 18. Qxd2 Bxf3 19. Nxf3 Ne4 20. Qd1 Bf6 21. Qc2 Qh5 22. Rad1 g5 23. Nd2 Nxd2 24. Rxd2 g4 25. Qd1 Qh4 26. hxg4 fxg4 27. e4 Bg5 28. Rd3 Rf6 29. Rg3 Rh6 0-1

[Event "Lisbon Christmas op"]
[Site "Lisbon"]
[Date "2014.12.30"]
[Round "9"]
[White "Aguiar, Carlos Alberto Bran"]
[Black "Silva, Ana Ines Teixeira D"]
[Result "1/2-1/2"]
[WhiteElo "1803"]
[BlackElo "1552"]
[PlyCount "103"]
[EventDate "2014.12.26"]
[EventType "swiss"]
[EventRounds "9"]
[EventCountry "POR"]
[SourceTitle "EXT 2018"]
[Source "ChessBase"]
[SourceDate "2017.10.13"]
[SourceVersion "1"]
[SourceVersionDate "2017.10.13"]
[SourceQuality "1"]

1. d4 Nf6 2. Bg5 e6 3. c4 Be7 4. Nc3 d5 5. e3 b6 6. Nf3 Bb7 7. cxd5 Nxd5 8. Nxd5 exd5 9. Bxe7 Qxe7 10. Bd3 0-0 11. 0-0 Nd7 12. Rc1 Rac8 13. Qa4 a5 14. Bb1 Nf6 15. Ne5 Ne4 16. Rfd1 Rfd8 17. Qb5 Rd6 18. Qd3 Rh6 19. Nf3 Rg6 20. Qe2 Rd8 21. Bd3 Bc8 22. Rc2 Bh3 23. Ne1 Rg5 24. f3 Nd6 25. Kh1 Bf5 26. Bxf5 Nxf5 27. Rdc1 Rh5 28. Qf2 Qd6 29. g4 Ng3+ 30. Kg1 Rh3 31. Qg2 Qh6 32. f4 Ne4 33. Nf3 c5 34. dxc5 bxc5 35. Rd1 g6 36. Re1 f6 37. a3 g5 38. f5 Rb8 39. Ree2 Rb3 40. Rc1 d4 41. Nxd4 Rbxe3 42. Rxe3 Rxe3 43. Nf3 Qf8 44. Re1 Rxe1+ 45. Nxe1 Qe7 46. Qe2 Qe5 47. Ng2 Qd4+ 48. Ne3 Kf8 49. Kg2 Qe5 50. Kg1 Qd4 51. Kg2 Qe5 52. Kg1 1/2-1/2